Elements by Letter - P - Statistics

General Stats
  • This quiz has been taken 159 times
    146 since last reset
  • The average score is 7 of 9
Answer Stats
Elements % Correct
Potassium
93%
Palladium
87%
Phosphorus
87%
Plutonium
85%
Platinum
78%
Polonium
73%
Promethium
55%
Praseodymium
52%
Protactinium
47%
No matching quizzes found
Score Distribution
Percent of People with Each Score
Percentile by Number Answered
Your Score History
You have not taken this quiz since the last reset